Historia política y parlamentaria de España, (desde los tiempos primitivos hasta nuestros días) : (Record no. 163518)

MARC details
000 -LEADER
campo de control de longitud fija 01178nam a2200241 i 4500
001 - NÚMERO DE CONTROL
campo de control 163518
003 - IDENTIFICADOR DE NÚMERO DE CONTROL
campo de control ES-MaACL
005 - FECHA Y HORA DE LA ÚLTIMA TRANSACCIÓN
campo de control 20251012063055.0
008 - DATOS DE LONGITUD FIJA--INFORMACIÓN GENERAL
campo de control de longitud fija 940301m18601861sp a |||| | spa d
100 1# - ENTRADA PRINCIPAL--NOMBRE DE PERSONA
Nombre de persona Rico y Amat, Juan,
Fechas asociadas al nombre 1821-1870
9 (RLIN) 131803
245 10 - MENCIÓN DEL TÍTULO
Título Historia política y parlamentaria de España, (desde los tiempos primitivos hasta nuestros días) :
Resto del título escrita y dedicada a S.M. la Reina Doña Isabel II /
Mención de responsabilidad, etc. por D. Juan Rico y Amat.
260 ## - PUBLICACIÓN, DISTRIBUCIÓN, ETC.
Lugar de publicación, distribución, etc. Madrid :
Nombre del editor, distribuidor, etc. [s.n.],
Fecha de publicación, distribución, etc. 1860-1861 (
Fabricante Imp. de las Escuelas Pías)
300 ## - DESCRIPCIÓN FÍSICA
Extensión 3 v. (LV, 520 ; 576 ; 572 p.), 1 h. de lám ;
Dimensiones 24 cm.
530 ## - NOTA DISPONIBLE DE FORMULARIO FÍSICO ADICIONAL
Nota de formato físico adicional disponible Disponible en formato digital.
599 ## - NOTA A LAS ILUSTRACIONES
NOTA A LAS ILUSTRACIONES La h. de lám. grab. lit.: "Antso Gómez. Litog. de Bachiller" retrato del autor.
650 04 - PUNTO DE ACCESO ADICIONAL DE MATERIA--TÉRMINO DE MATERIA
Término de materia o nombre geográfico como elemento de entrada España-
Subdivisión general Política y gobierno.
9 (RLIN) 223856
651 #4 - PUNTO DE ACCESO ADICIONAL DE MATERIA--NOMBRE GEOGRÁFICO
Nombre geográfico España-
Subdivisión general Política y gobierno
9 (RLIN) 8444
852 ## - LOCALIZACIÓN
Ubicación ES-MaACL
Número de control de estantería B-1213-15
Nota libre - Enc. hol.
856 ## - LOCALIZACIÓN Y ACCESO ELECTRÓNICOS
Identificador Uniforme de Recursos <a href="https://archive.org/details/BRes081141 ">https://archive.org/details/BRes081141 </a>
Nota pública Internet Archive
-- (v. 1)
856 ## - LOCALIZACIÓN Y ACCESO ELECTRÓNICOS
Identificador Uniforme de Recursos <a href="https://archive.org/details/BRes081142 ">https://archive.org/details/BRes081142 </a>
Nota pública Internet Archive
-- (v. 2)
856 ## - LOCALIZACIÓN Y ACCESO ELECTRÓNICOS
Identificador Uniforme de Recursos <a href="https://archive.org/details/BRes081143 ">https://archive.org/details/BRes081143 </a>
Nota pública Internet Archive
-- (v. 3)
Holdings
Estatus retirado Estado de pérdida Estado de daño No para préstamo Colección Biblioteca de origen Biblioteca actual Ubicación en estantería Fecha de adquisición Total de préstamos Signatura topográfica completa Código de barras Visto por última vez Precio de reemplazo Tipo de ítem Koha
        Colección digital Biblioteca del Ateneo de Madrid Biblioteca del Ateneo de Madrid Sala Pardo Bazán 17/01/2008   B-1213-15 1171350 23/02/2023 23/02/2023 Libro impreso antiguo